A to Z: Animal Names from German to English - Statistics

General Stats
  • This quiz has been taken 710 times
  • The average score is 10 of 25
Answer Stats
Hint Answer % Correct
Z Zebra Zebra
91%
C Kuh Cow
79%
F Fuchs Fox
69%
O Eule Owl
69%
D Ente Duck
63%
B Fledermaus Bat
61%
R Kaninchen Rabbit
60%
G Ziege Goat
47%
J Schakal Jackal
47%
E Regenwurm Earthworm
42%
N Nachtigall Nightingale
42%
S Eichhörnchen Squirrel
42%
T Landschildkrӧte Tortoise
40%
K Beutelbӓr Koala
39%
H Igel Hedgehog
30%
W Warzenschwein Warthog
30%
Q Wachtel Quail
26%
V Wühlmaus Vole
26%
P Pfauhahn Peacock
24%
A Gürteltier Armadillo
22%
I Schwarzfersenantilope Impala
21%
L Blutegel Leech
15%
M Mungo Mongoose
13%
Y Deutsche Wespe Yellow Jacket
13%
U Schirmvogel Umbrellabird
8%
No matching quizzes found
Score Distribution
Percent of People with Each Score
Percentile by Number Answered
Your Score History
You have not taken this quiz